| Tag |
First Indicator |
Second Indicator |
Subfields |
| LEADER |
00000cam a2200000Ia 4500 |
| 001 |
in00002575721 |
| 005 |
20210727090344.0 |
| 006 |
m d |
| 007 |
cr cn| |
| 008 |
100323s2010 ne af s 001 0 eng d |
| 020 |
|
|
|a 9048123895
|
| 020 |
|
|
|a 9789048123896
|
| 035 |
|
|
|a (OCoLC)567367952
|
| 035 |
|
|
|a (OCoLC)ocn567367952
|
| 035 |
|
|
|a 3706437
|
| 037 |
|
|
|a 978-90-481-2388-9
|b Springer
|n http://www.springerlink.com
|
| 040 |
|
|
|a GW5XE
|b eng
|c GW5XE
|d UtOrBLW
|
| 049 |
|
|
|a TXAC
|
| 050 |
1 |
4 |
|a QL496
|b .M39 2010
|
| 082 |
0 |
4 |
|a 595.715
|2 22
|
| 100 |
1 |
|
|a Matthews, Robert W.,
|d 1942-
|0 http://id.loc.gov/authorities/names/n78025201
|
| 245 |
1 |
0 |
|a Insect behavior /
|c Robert W. Matthews, Janice R. Matthews.
|
| 250 |
|
|
|a 2nd ed.
|
| 264 |
|
1 |
|a Dordrecht ; New York :
|b Springer,
|c [2010]
|
| 264 |
|
4 |
|c ©2010
|
| 300 |
|
|
|a xiii, 514 pages, 39 pages of plates :
|b illustrations (some color)
|
| 336 |
|
|
|a text
|b txt
|2 rdacontent
|
| 337 |
|
|
|a computer
|b c
|2 rdamedia
|
| 338 |
|
|
|a online resource
|b cr
|2 rdacarrier
|
| 500 |
|
|
|a Electronic resource.
|
| 500 |
|
|
|a Includes index.
|
| 533 |
|
|
|a Electronic reproduction.
|b New York :
|c Springer,
|d 2010.
|n Mode of access: World Wide Web.
|n System requirements: Web browser.
|n Title from title screen (viewed on Feb. 18, 2010).
|n Access may be restricted to users at subscribing institutions.
|
| 650 |
|
0 |
|a Insects
|x Behavior.
|0 http://id.loc.gov/authorities/subjects/sh85066672
|
| 655 |
|
7 |
|a Electronic books.
|2 local
|
| 700 |
1 |
|
|a Matthews, Janice R.,
|d 1943-
|0 http://id.loc.gov/authorities/names/n78025202
|
| 710 |
2 |
|
|a SpringerLink (Online service)
|0 http://id.loc.gov/authorities/names/no2005046756
|
| 776 |
1 |
|
|c Original
|z 9789048123889
|z 9048123887
|z 9789048123896
|z 9048123895
|w (OCoLC)500575222
|
| 856 |
4 |
0 |
|u http://proxy.library.tamu.edu/login?url=https://dx.doi.org/10.1007/978-90-481-2389-6
|z Connect to the full text of this electronic book
|t 0
|
| 994 |
|
|
|a 92
|b TXA
|
| 999 |
|
|
|a MARS
|
| 999 |
f |
f |
|s 0807e0a5-77f6-3ae4-85f5-d8b015675d9f
|i 8133275b-d391-363c-97c4-17b691eee43a
|t 0
|
| 952 |
f |
f |
|a Texas A&M University
|b College Station
|c Electronic Resources
|d Available Online
|t 0
|e QL496 .M39 2010
|h Library of Congress classification
|
| 998 |
f |
f |
|a QL496 .M39 2010
|t 0
|l Available Online
|